00952nam a2200229 a 450000100100000000500170001000800410002702000170006804000250008510000340011024501710014426000290031530000290034449000360037350000340040950000420044350400320048570000440051783000390056195201050060099900170070500003960720201002033638.0130711s2011 dr a 000 0 spa d a978937734859 aDO-SdBNPbspacBNPHU1 aDelicado Puerto, Gemma96577010aSantas y meretrices :bherederas de la magdalena en la literatura de los siglos de oro y la escena inglesa /cGemma Delicado Puerto ; prólogo Frederick A. de Armas. aMadrid :bKassel,c2011. a203 p. :bils. ;c25 cm.1 aEstudios de Literaturavno. 115 aIncluye índice onomástico aIncluye notas al pie de las páginas aBibliografía : p. 185-1971 aArmas, Frederick A. de,epról.965771 0aEstudios de Literaturan115965772 0010718PDaGRbGRcCTd2013-07-11iLF1l0o p39607-10r2020-06-25w2020-06-25yLFPDZNo se presta c39097d39097